000
00306nam a2200121Ia 4500
008
240624s9999 xx 000 0 und d
041
_a
eng
082
_a
333.6092 BUF
100
_a
BUFFETT MARY
245
_a
TAO OF WARREN BUFFETT
260
_c
2006
_a
New York
_b
Scribner
300
_a
xiv, : 174 : p. : cm. ; 20
999
_c
9530
_d
9530